| 000 | 00831nam a22002297a 4500 | ||
|---|---|---|---|
| 003 | OSt | ||
| 005 | 20230831093039.0 | ||
| 008 | 221006b |||||||| |||| 00| 0 eng d | ||
| 040 | _cBiblioteca Lado V | ||
| 082 |
_a708 _bR741s |
||
| 100 |
_91004 _aRojas, Miguel Ángel _eautor |
||
| 245 | _aSólo tuve que mirarme y mirar el contexto para encontrar/ | ||
| 246 | _aI only had to look at myself and look at the context to find& | ||
| 260 |
_bSicardi Gallery _c2008 _aHouston |
||
| 300 |
_c18x21.5cm _a27p. |
||
| 366 | _espa | ||
| 650 |
_2Tesauro de Arte & Arquitectura _aARTE _9703 |
||
| 650 |
_2Tesauro de Arte & Arquitectura _aEXHIBICION _9702 |
||
| 650 |
_2Tesauro de Arte & Arquitectura _aGALLERIA _9702 |
||
| 650 |
_2Tesauro de Arte & Arquitectura _aMIGUEL ÁNGEL ROJAS |
||
| 942 |
_2ddc _c1 _h708 _iR741s _n0 |
||
| 999 |
_c4254 _d4254 |
||